Normal view
MARC view
- التربية الصناعية
Entry Topical Term
001 - CONTROL NUMBER
- control field: 36120
003 - CONTROL NUMBER IDENTIFIER
- control field: JO-AjAnu
005 - DATE AND TIME OF LATEST TRANSACTION
- control field: 20230606080032.0
008 - FIXED-LENGTH DATA ELEMENTS
- fixed length control field: 230606|| aca||aabn | a|a d
040 ## - CATALOGING SOURCE
- Original cataloging agency: JO-AjAnu
- Transcribing agency: JO-AjAnu
150 ## - HEADING--TOPICAL TERM
- Topical term or geographic name entry element: التربية الصناعية
670 ## - SOURCE DATA FOUND
- Source citation: Work cat.: (JO-AjAnu)18545: عبد الجواد، صلاح العرب, author 36119, دراسات في التربية:إتجاهات جديدة في التربية الصناعية، ج1